LEADER 01921nam 2200433Ia 450 001 996388121503316 005 20200824132108.0 035 $a(CKB)1000000000624159 035 $a(EEBO)2241009506 035 $a(OCoLC)ocm12682233e 035 $a(OCoLC)12682233 035 $a(EXLCZ)991000000000624159 100 $a19851016d1699 uy | 101 0 $aeng 135 $aurbn||||a|bb| 200 14$aThe new state of England under our present monarch K. William III$b[electronic resource] $ein three parts, containing I. A general account of England ... and a survey of Wales, II. Of the original, temper, genius, language, trade, religion and government of the English ... with a succinct history of the kings and queens of England to this time, III. A description of the high court of Parliament, Privy Council, and all Court of Judicature, and a catalogue of the present officers in church and state 205 $aThe third edition, with great improvements. 210 $aLondon $cPrinted for R. Clavel, H. Mortlock and J. Robinson ...$d1699 215 $a[35], 184, 168, 168 p 300 $aIncludes index. 300 $aEach part has separate pagination. 300 $aErrata: preliminary p. [34] 300 $aContains engraved allegorical frontispiece. 300 $aReproduction of original in the University of Illinois (Urbana-Champaign Campus). Library. 330 $aeebo-0167 607 $aGreat Britain$xDescription and travel 607 $aGreat Britain$xDescription and travel$vEarly works to 1800 607 $aGreat Britain$xPolitics and government$y1689-1702 700 $aMiege$b Guy$f1644-1718?$01002359 801 0$bEAH 801 1$bEAH 801 2$bUMI 801 2$bm/c 801 2$bUMI 801 2$bWaOLN 906 $aBOOK 912 $a996388121503316 996 $aThe new state of England under our present monarch K. William III$92403764 997 $aUNISA LEADER 02430nam 2200565I 450 001 9910797030503321 005 20230725060926.0 010 $a1-4665-1542-2 010 $a0-429-10578-9 010 $a1-4398-6123-4 035 $a(CKB)3710000000391215 035 $a(EBL)1446756 035 $a(SSID)ssj0001458098 035 $a(PQKBManifestationID)12540351 035 $a(PQKBTitleCode)TC0001458098 035 $a(PQKBWorkID)11443694 035 $a(PQKB)10524448 035 $a(MiAaPQ)EBC1446756 035 $a(Au-PeEL)EBL1446756 035 $a(CaPaEBR)ebr11166116 035 $a(OCoLC)908077577 035 $a(OCoLC)958798727 035 $a(EXLCZ)993710000000391215 100 $a20180611d2011 uy 0 101 0 $aeng 135 $aur|n|---||||| 181 $ctxt 182 $cc 183 $acr 200 10$aBatch distillation $esimulation, optimal design, and control /$fby Urmila Diwekar 205 $aSecond edition. 210 1$aBoca Raton, FL :$cCRC Press, an imprint of Taylor and Francis,$d2011. 215 $a1 online resource (390 p.) 300 $aIncludes index. 311 $a1-138-07317-2 311 $a1-4398-6122-6 327 $aFront Cover; Dedication; Contents; List of Figures; List of Tables; Preface to Second Edition; Preface to First Edition; Notations; 1. Introduction; 2. Basic Modes of Operation; 3. Column Dynamics; 4. Simplified Models; 5. Optimization; 6. Complex Columns; 7. Complex Systems; 8. Batch Distillation Control; 9. Consideration Of Uncertainty; 10. Batch Distillation Software Programs 330 3 $aMost available books in chemical engineering mainly pertain to continuous processes, with batch distillation relegated to a small section. Filling this void in the chemical engineering literature, Batch Distillation: Simulation, Optimal Design, and Control, Second Edition helps readers gain a solid, hands-on background in batch processing. The second edition of this bestseller explores numerous new developments in batch distillation that have emerged since the publication of the first edition. 606 $aDistillation 615 0$aDistillation. 676 $a660/.28425 686 $aSCI013060$2bisacsh 700 $aDiwekar$b Urmila M.$0845355 801 0$bMiAaPQ 801 1$bMiAaPQ 801 2$bMiAaPQ 906 $aBOOK 912 $a9910797030503321 996 $aBatch distillation$93710483 997 $aUNINA